Normale Ansicht MARC-Ansicht ISBD

The Palgrave Encyclopedia of Medieval Women's Writing in the Global Middle Ages. (Titelsatznr. 74047)

[ MARC ]
MARC-Details
000 -Satzkennung
Kontrollfeld mit fester Länge 01911nam a22004213i 4500
001 - Kontrollnummer
Kontrollfeld EBC32534112
003 - Kontrollnummer Identifier
Kontrollfeld MiAaPQ
005 - Datum und Zeit der letzten Transaktion
Kontrollfeld 20260331170815.0
007 - Feld mit fester Länge zur physischen Beschreibung - Allgemeine Information
Kontrollfeld mit fester Länge cr cnu||||||||
008 - Feld mit fester Länge zur physischen Beschreibung - Allgemeine Angaben
Kontrollfeld mit fester Länge 260331s2026 xx o ||||0 eng d
020 ## - Internationale Standardbuchnummer
Internationale Standardbuchnummer 9783031875243
Nähere Angaben (electronic bk.)
020 ## - Internationale Standardbuchnummer
Gelöschte/ungültige ISBN 9783031875236
040 ## - Katalogisierungsquelle
Original-Katalogisierungsstelle MiAaPQ
Katalogisierungssprache eng
Übertragungsstelle MiAaPQ
100 1# - Haupteintragung - Personenname
Personenname Sauer, Michelle M.
Koha-Normdatenidentnummer 69013
245 14 - Titel
Titel The Palgrave Encyclopedia of Medieval Women's Writing in the Global Middle Ages.
250 ## - Ausgabebezeichnung
Ausgabebezeichnung 1st ed.
264 #1 - Produktion, Veröffentlichung, Distribution, Herstellung und Urheberrechtsvermerk
Herstellungs-, Veröffentlichungs- Vertriebs-, Erzeugungsort Cham :
Produzent, Herausgeber, Distributor, Hersteller Palgrave Macmillan,
Datum der Herstellung, der Veröffentlichung, des Vertriebs oder des Urheberschutzvermerks 2026.
264 #4 - Produktion, Veröffentlichung, Distribution, Herstellung und Urheberrechtsvermerk
Datum der Herstellung, der Veröffentlichung, des Vertriebs oder des Urheberschutzvermerks ©2026.
300 ## - Physische Beschreibung
Umfang 1 online resource (2244 pages)
336 ## - Inhaltstyp
Inhaltstypterm Text
Inhaltstypcode txt
Quelle rdacontent
337 ## - Medientyp
Bezeichnung des Medientyps Computermedien
Medientypcode c
Quelle rdamedia
338 ## - Datenträgertyp
Datenträgertypbezeichnung Online Resource
Datenträgertypcode cr
Quelle rdacarrier
341 0# -
-- Unknown accessibility
-- onix
341 0# -
-- No reading system accessibility options actively disabled
-- onix
490 0# - Gesamttitelangabe
Gesamttitelangabe Literature, Cultural and Media Studies
500 ## - Allgemeine Fußnote
Allgemeine Fußnote E-Book-ProQuest / Fernzugriff nach Registrierung möglich
520 ## - Fußnote zu Zusammenfassungen usw.
Fußnote zur Zusammenfassung usw. This is the first encyclopedia devoted exclusively to medieval women's writing globally.Focusing on the thousand-year period between 500-1500, this comprehensive reference work addresses a long-standing gap in scholarship on women writers from this period.
532 8# -
-- Publisher contact for further accessibility information: accessibilitysupport@springernature.com
655 ## - Indexierungsterm - Genre/Form
Genre/Form oder fokussierter Term Fernzugriff
Koha-Normdatenidentnummer 230
655 #4 - Indexierungsterm - Genre/Form
Genre/Form oder fokussierter Term
700 1# - Nebeneintragung - Personenname
Personenname Watt, Diane.
Koha-Normdatenidentnummer 69014
700 1# - Nebeneintragung - Personenname
Personenname McAvoy, Liz Herbert.
Koha-Normdatenidentnummer 69015
776 08 - Andere physische Form
Verweisungsphrase Print version:
Haupteintragung Sauer, Michelle M.
Titel The Palgrave Encyclopedia of Medieval Women's Writing in the Global Middle Ages
Ort, Verlag und Erscheinungsjahr Cham : Palgrave Macmillan,c2026
Internationale Standardbuchnummer 9783031875236
856 40 - Elektronische Adresse und Zugriff
URL <a href="https://ebookcentral.proquest.com/lib/maxweberstiftung-ebooks/detail.action?docID=32534112">https://ebookcentral.proquest.com/lib/maxweberstiftung-ebooks/detail.action?docID=32534112</a>
OPAC-Notiz Volltext
942 ## - Zusätzliche Felder (Koha)
Koha-Medientyp E-Books
Exemplare
Ausgeschieden Verloren Klassifikation oder Aufstellungssystematik Beschädigt Nicht entleihbar Heimatbibliothek Aufenthaltsbibliothek Aufstellungsort Erwerbungsdatum Inventarnummer Signatur Barcode Letzte Aktivität Preis gültig von Koha-Medientyp
    Andere/Generische Klassifikation     MWN Osteuropa MWN Osteuropa Online-Ressource 31/03/2026 26-e00288 E-26-e00288 76984 31/03/2026 31/03/2026 E-Books